000 00367nam a2200097Ia 4500
008 241105s9999 xx 000 0 und d
041 _aeng
100 _aHatti Aishwarya
245 _aConnecting Old And New Spaces And Cultures: Evolving Landscape Stragies For A Riverine Urbanscape Of Chinchwadgaon And Pavana River
260 _bBNCA M Arch Landscape Architecture
_c1905
999 _c362055
_d362055